Georgsmarienhütte Quiz - Statistiken

Allgemein
  • Dieses Quiz wurde 16 mal gespielt
  • Das Durchschnittsergebnis liegt bei 4 aus 6
Antwortstatistiken
Frage Antwort % Korrekt
Wie viele Einwohner hat Georgsmarienhütte? 32.300
77%
Wie viele Stadtteile hat Georgsmarienhütte? 6
69%
Welche Autobahn verläuft durch Georgsmarienhütte? A33
69%
Wie heißt die Bürgermeisterin? Dagmar Bahlo
62%
Wer waren Georg und Marie? Ein Königspaar
62%
Wie heißt ein Handballverein in Georgsmarienhütte? TV Georgsmarienhütte
54%
Keine übereinstimmenden Quizze gefunden
Verteilung der Resultate
Anzahl Personen mit jedem Resultat
Perzentil nach korrekt beantworteten Fragen
Ihre Resultats-Entwicklung
Sie haben dieses Quiz noch nicht gespielt